000
00262nam a2200109Ia 4500
008
240625s9999 xx 000 0 und d
041
_a
eng
082
_a
659.1 BEL
100
_a
BELCH GEORGE E
245
_a
ADVERTISING AND PROMOTION AN INTEGRATED
260
_c
2013
999
_c
39572
_d
39572